01006nam a2200229Ia 4500008004100000020001800041050002100059082002000080100002100100245010000121260002500221300002600246440002900272500004700301650003800348700004000386942001200426952009800438952011000536952011300646999001700759120905s9999 xx 000 0 und d a968-860-584-0 aLB1025 V534 1984 a370.1 M39p 1984 aMayer, Frederick aPedagogía comparada / F. Mayer ; tr. por J. Hernández Campos ; tr. Jorge Hernández Campos aMéxico : Pax, 2001 aviii, 221 p. ; 23 cm. a(Pedagogía Dinámica) aTít. original : Foundations of Education a1. Pedagogía. 2. Educación  aHernández Campos, Jorge (tr.).Ì cLB2ddc 00104070a13b13d2011-03-11l0oLB1025 V534 1984p13 001607r2012-09-05t1w2012-09-05yLB 00104070a13b13d2010-08-04l1oLB1025 V534 1984p13 001646r2014-09-24s2014-09-24t2w2012-09-05yLB 00104070a13b13d2010-08-04l4m2oLB1025 V534 1984p13 001660r2014-11-19s2014-11-03t3w2012-09-05yLB c83958d83958